00582nam a2200217Ia 4500008004100000020001800041050001700059050001400076245002300090245003800113245002900151260001500180260001700195260000900212300001500221300001100236500005100247650002500298650002200323650001900345160303s9999 xx 000 0 und d a0-07-242402-8 aMAIN HM 263  b.P83 2004 aPublic relations : bthe profession and the practice / cDan Lattimore… [et al] aNew York : bMcGraw-Hill. c2004 a390 page : c26 cm. aIncludes bibliographical references and index. aPublic relations --  aPublic relations. xUnited States.